000 00550nam a22001577a 4500
008 140901b xxu||||| |||| 00| 0 eng d
020 _a0406092370
050 _aKD275.4.L39(1959)
245 _aThe Law Reports(1959): House of Lords and Judicial Committee of the Privy Council and Peerage Cases. /
_cedited by R.P. Colinvaux and Charles Clayton
260 _aLondon:
_bButterworth and Co. Ltd.,
_c1959.
300 _axii, 828p.:
_c24cm.
440 _pAppeal Cases,1959.
700 _aColinvaux, R.P.
700 _aClayton, Charles
942 _2lcc
_cBK
999 _c5974
_d13474